000
00270nam a22001217a 4500
082
_a
894.812
_b
THO/V
100
_a
THOMAS, SALJAN
245
_a
VIJAYA PUSTHAKAM
260
_a
KOTTAYAM
_b
S.T.PUBLICATION
300
_a
96
650
_a
GENERAL KNOWLEDGE
_z
KERALA
942
_c
BK
999
_c
1200
_d
1200